| 000 | 00987cab a2200229 4500 | ||
|---|---|---|---|
| 001 | WB3417-35 | ||
| 008 | 090401t1998 xxu||||| |||| 00| 0 eng d | ||
| 035 | _a(Sirsi) u86102 | ||
| 041 | _aeng | ||
| 245 | _aSubsidence | ||
| 260 | _c1998 | ||
| 350 | _a0 | ||
| 490 |
_aEstates Gazette Case Summaries _v[1998] EGCS 65 (2/5/98) |
||
| 520 | _a"Wilkes v Coal Authority" CA 23 April 1998. Working of coal near claimant`s land. Subsidence occuring on land so claimant made claim under Coal-Mining (Subsidence) Act 1957 s1(2) for remedial works to be undertaken by Coal Authority. Whether subsidence caused by working of coal and whether subsidence affected fitness of land for intended purposes. Lands Tribunal allowing claim. Coal Authority appealed. Appeal dismissed. | ||
| 650 | _aCOAL EXTRACTION | ||
| 650 | _aCOAL MINING (SUBSIDENCE) ACT 1957 | ||
| 650 | _aCOMPENSATION | ||
| 650 | _aSUBSIDENCE | ||
| 690 | _aMINING AND MINERALS-CASE LAW | ||
| 942 | _n0 | ||
| 948 | _c08/05/1998 | ||
| 999 |
_c54167 _d54167 |
||